000
00298nam a2200121Ia 4500
008
220204s9999 xx 000 0 und d
082
_a
059
_b
BUR
100
_a
BURTON, Jane
245
0
_a
Baby animals
260
_a
Surrey
_b
Colour Library International
_c
1977
650
_a
Baby animals
942
_c
BK
999
_c
35882
_d
35882